000
00195 a2200097 4500
001
3085
100
_a
Golobers, s
245
_a
Basic electricity
260
_a
_b
Glencor
_c
090
_c
2366
_d
2366
942
_a
NUST-CAE
_c
M
_c
15180
999
_c
238158
_d
238158